Jesus the Jewish theologian / (Record no. 122232)
[ view plain ]
| 000 -LEADER | |
|---|---|
| fixed length control field | 01016cam a2200313 a 4500 |
| 001 - CONTROL NUMBER | |
| control field | 4516915 |
| 003 - CONTROL NUMBER IDENTIFIER | |
| control field | ARRUPE |
| 005 - DATE AND TIME OF LATEST TRANSACTION | |
| control field | 20150227170956.0 |
| 008 - FIXED-LENGTH DATA ELEMENTS--GENERAL INFORMATION | |
| fixed length control field | 970813s1995 maua b 001 0beng |
| 010 ## - LIBRARY OF CONGRESS CONTROL NUMBER | |
| LC control number | 95006016 |
| 020 ## - INTERNATIONAL STANDARD BOOK NUMBER | |
| International Standard Book Number | 1565630602 (pbk.) |
| 035 ## - SYSTEM CONTROL NUMBER | |
| System control number | (OCoLC)503282564 |
| 035 ## - SYSTEM CONTROL NUMBER | |
| System control number | (OCoLC)ocn503282564 |
| 035 ## - SYSTEM CONTROL NUMBER | |
| System control number | (NNC)4516915 |
| 040 ## - CATALOGING SOURCE | |
| Original cataloging agency | DLC |
| Transcribing agency | DLC |
| Modifying agency | DLC |
| 050 ## - LIBRARY OF CONGRESS CALL NUMBER | |
| Classification number | BT590J8 |
| Item number | Y68 1995 |
| 090 ## - LOCALLY ASSIGNED LC-TYPE CALL NUMBER (OCLC); LOCAL CALL NUMBER (OCLC) | |
| Classification number (OCLC) (R) ; Classification number, CALL (RLIN) (NR) | BT590.J8 |
| Local cutter number (OCLC) ; Book number/undivided call number, CALL (RLIN) | Y68 1995 |
| 300 ## - PHYSICAL DESCRIPTION | |
| Other physical details | ill. ; |
| Dimensions | 2 cm |
| 100 1# - MAIN ENTRY--PERSONAL NAME | |
| Personal name | Young, Brad. |
| 9 (RLIN) | 15649 |
| 245 10 - TITLE STATEMENT | |
| Title | Jesus the Jewish theologian / |
| Statement of responsibility, etc | Brad H. Young ; forewords by Marvin R. Wilson and David Wolpe |
| 260 ## - PUBLICATION, DISTRIBUTION, ETC. (IMPRINT) | |
| Place of publication, distribution, etc | Peabody, Mass. : |
| Name of publisher, distributor, etc | Hendrickson Publishers, |
| Date of publication, distribution, etc | c1995 |
| 300 ## - PHYSICAL DESCRIPTION | |
| Extent | xxxvi, 308 p. : |
| 504 ## - BIBLIOGRAPHY, ETC. NOTE | |
| Bibliography, etc | Includes bibliographical references (p. [283]-295) and indexes |
| 600 00 - SUBJECT ADDED ENTRY--PERSONAL NAME | |
| Personal name | Jesus Christ |
| General subdivision | Jewishness. |
| 9 (RLIN) | 15650 |
| 600 00 - SUBJECT ADDED ENTRY--PERSONAL NAME | |
| Personal name | Jesus Christ |
| Form subdivision | Biography. |
| 9 (RLIN) | 15651 |
| 600 00 - SUBJECT ADDED ENTRY--PERSONAL NAME | |
| Personal name | Jesus Christ |
| General subdivision | Teachings. |
| 9 (RLIN) | 11865 |
| 600 00 - SUBJECT ADDED ENTRY--PERSONAL NAME | |
| Personal name | Jesus Christ |
| General subdivision | Messiahship. |
| 9 (RLIN) | 12191 |
| 942 ## - ADDED ENTRY ELEMENTS (KOHA) | |
| Source of classification or shelving scheme | Library of Congress Classification |
| Koha item type | Monograph ( Printed materials) |
| Withdrawn status | Lost status | Source of classification or shelving scheme | Damaged status | Not for loan | Collection code | Home library | Current library | Shelving location | Date acquired | Total Checkouts | Full call number | Barcode | Date last seen | Date checked out | Price effective from | Koha item type |
|---|---|---|---|---|---|---|---|---|---|---|---|---|---|---|---|---|
| Library of Congress Classification | Main Collection | ARRUPE LIBRARY | ARRUPE LIBRARY | Main Collection | 27/02/2015 | 1 | BT590J8Y68 1995 | 46500000968 | 01/12/2016 | 20/04/2016 | 27/02/2015 | Monograph ( Printed materials) |